| 000 | 00392nam a2200145Ia 4500 | ||
|---|---|---|---|
| 008 | 210430s9999 xx 000 0 und d | ||
| 020 | _a9780521564779 | ||
| 082 | _a660.28 C984 D | ||
| 100 |
_aE.L.Cussler _954114 |
||
| 245 |
_aDiffusion Mass Transfer in Fluid Systems / _cE.L.Cussler |
||
| 250 | _a2nd edition | ||
| 260 |
_aIndia _bManas Saikia _c1998 |
||
| 300 | _a580p | ||
| 942 |
_cBK _2ddc |
||
| 999 |
_c564580 _d564580 |
||